000 01389nam0a2200349 4500
001 RU\NLR\BIBL_A\022673552
005 20260408081946.0
010 _a978-5-7057-6399-3
035 _a(NLR Aleph) 022673552
090 _a13539796
_c13539796
100 _a20251127d2024 k y0rusy50 ca
101 0 _aeng
102 _aRU
105 _aa z 000yy
181 0 _ai3
_baxxe
182 0 _an
200 1 _aEvolution
_eenvironmental, demographic and political risks
_fRussian academy of sciences, Institute of oriental studies, The Eurasian centre for big history and system forecasting [etc.]
_gedited by Leonid E. Grinin and Andrey V. Korotayev
203 _aТекст
_bвизуальный
_cнепосредственный
210 _aVolgograd
_cUchitel
_d2024
215 _a255 с.
_cил.
_d21
320 _aБиблиогр. в конце ст.
541 1 _aЭволюция: экологические, демографические и политические риски
606 1 _aКоэволюция
_92205573
_3RU\NLR\AUTH\661325136
686 1 _aЕ02
686 1 _aС550.01
700 1 _aGrinin
_bL. E.
_f1958-
_gLeonid Efimovič
712 0 2 _4570
_8eng
_aEurasian centre for big history and system forecasting
_cMoscow
_7ba
_3RU\NLR\AUTH\8810222440
_9329624
942 _cBOOK
980 _aNB